000 00264nam a2200109Ia 4500
008 230907s9999||||xx |||||||||||||| ||und||
082 _a621.3,ADV
245 0 _aAdvanced solutions in power systems :
260 _c2016
300 _axxvi,1042 pages ;
942 _cBK
999 _c598058
_d598058